000 00662cam a2200265ua 4500
020 _c100 (PB)
041 _aeng
_h
082 _a658.51
_bBAN/IN
100 _aBanga, T R .
_95900
245 _aIndustrial organisation and engineering economics /
_cAuthor.
_hTextual Documents
250 _a20 /
_b.
260 _a :
_bKhanna Publishers ,
_c1994.
300 _a1671 ; .
365 _a100
504 _a
650 _aLayout
_95901
650 _aManagement
_92110
650 _aProduction
_95902
650 _aQuality control and inspection
_95903
700 1 _aSharma , S C .
_95772
942 _cBK
999 _c16
_d16
003 @
003 OSt